000 00881nam a2200217Ia 4500
001 9566
005 20260420155157.0
008 260306t2018||||xx |||||||||||||| ||spa||
041 _aESP
082 _a382.1
_bD23 2018
100 _aDaniels, John D.
_eAUT
245 0 _aNegocios internacionales:
_bambientes y operaciones
260 _c2018
300 _axlv, 639 páginas :
_c27 cm.
650 _aGEN
654 _aCAN
856 _uhttps://itmsp.museknowledge.com/UCSP?url=https://www.ebooks7-24.com:443/?il=7340&pg=2
_zVersión digital
856 _uhttps://0u213x8fl-y-https-ebooks7--24-com.itmsp.museknowledge.com/biblioteca.aspx
_zVéase además: Base de datos Ebook7-24
856 _uhttps://0u20vx80g-y-https-ebookcentral-proquest-com.itmsp.museknowledge.com/lib/catolicasp/home.action
_zVéase además: Base de datos ProQuest Ebook Central
942 _cLIB
_dJUS
_fJUS
_2ddc
999 _c9566
_d9566